000 00633nam a2200217Ia 4500
005 20250508152906.0
008 008 250505s9999 xx 000 0 eng d
037 _aTextual
040 _aFEDL
_beng
_cFEDL
041 _aeng
_2eng
084 _a370.1, BRU
_qFEDL
100 _aBrubacher John S. Ed.
_9149198
245 0 _aEclectic philosophy of education : A book of readings
250 _a2
260 _aEnglewood Cliffs
_bPrentice-Hall
_c1962
300 _a560p
490 _aPrentice - Hall education series
650 _aEducation - Philosophy
942 _cTEXL
_h370.1, BRU
999 _c1339443
_d1339443